| 000 | 00538nam a2200169 a 4500 | ||
|---|---|---|---|
| 001 | 2281 | ||
| 003 | CDMR | ||
| 005 | 20130116135226.0 | ||
| 008 | 130130s1994||||||||||||||||||||||||||||d | ||
| 040 |
_aCDMR _bcat _cCDMR |
||
| 110 | 2 |
_aAssociation Belge des Editeurs de Journaux _91698 |
|
| 245 | 1 | 3 |
_aLa presse. De pers _bannuaire 1994 _cAssociation Belge des Editeurs de Journaux |
| 260 |
_aBruxelles _c1994 _bAssociation Belge des Editeurs de Journaux |
||
| 300 |
_a323 p ; _c21 x 21 cm |
||
| 500 | _aEdició en francès i flamenc | ||
| 942 | _cMON | ||
| 999 |
_c2281 _d2281 |
||